Proyectos de inversin̤ para las pyme

Bibliographic Details
Main Author: Flr̤ez Uribe, Juan Antonio
Format: eBook
Language:Spanish
Published: Bogot:̀ ECOE, 2015
Edition:Tercera edicin̤
Subjects:
Online Access:Acceso restringido

MARC

LEADER 00000nam a22000007a 4500
005 20161204235633.0
007 cr|||| ||||
008 161204s2015 co |||||s|||| 00||0 spa d
020 |a 978-958-771-080-9 
035 |a 14572 
040 |a vLex 
090 |c 6423  |d 6423 
100 1 |a Flr̤ez Uribe, Juan Antonio 
245 1 0 |a Proyectos de inversin̤ para las pyme  |h [Recurso electrn̤ico] /  |c Juan Antonio Flr̤ez Uribe 
250 |a Tercera edicin̤ 
256 |a Servicio en ln̕ea 
260 |a Bogot:̀  |b ECOE,  |c 2015 
300 |a 1 recurso electrn̤ico (212 p.) 
506 1 |a Disponible solo en los productos indicados  |d vLex Global  |d vLex Global (Academic Edition, excluding Law Schools)  |d vLex Global (U.S. Academic Edition, Law Schools)  |d vLex Global (U.S. Academic Edition, excluding Law Schools)  |d vLex Global (Academic Edition, Law Schools) 
650 0 4 |a Derecho Mercantil y de la Empresa  |z Colombia 
650 0 4 |a Economa̕ y negocios  |z Colombia 
740 0 |a vLex Libros (Servicio en ln̕ea) 
856 4 0 |u http://vlex.com/source/proyectos-inversion-pyme-14572  |z Acceso restringido 
942 |c BOOK 
999 0 |a Commercial and Company Law 
999 0 |a Economy and business